000 01040nam a22002537a 4500
999 _c14188
_d14188
003 MIRAKIL
005 20201112163629.0
008 201112b tu ||||| |||| 00| 0 tur d
040 _aTR-AnCHP
_cTR-AnCHP
041 _atur
082 _aATA 330.9561
_bÜ44a 1981
100 1 _aÜlken, Yüksel
245 1 0 _aAtatürk ve iktisat :
_bİktisadi kalkınmada etkinlik sorunu ve eklektik model/
_cYüksel Ülken.
246 _aİktisadi kalkınmada etkinlik sorunu ve eklektik model
260 _aAnkara:
_bTürkiye İş Bankası Kültür Yayınları,
_c1981.
300 _a299 s.:
_c19 sm.
490 _aTürkiye İş Bankası Kültür Yayınları;
_aAtatürk'ün Doğumunun 100. Yılı Dizisi;
_vGenel Yayın:224.
_vNo:4.
504 _aKaynakça ve dizin vardır.
600 1 4 _91465
_aAtatürk, Gazi Mustafa Kemal
_d1881-1938
650 0 _9396
_aEkonomi
_xAtatürk Dönemi
_zTürkiye
650 0 _95840
_aEkonomik kalkınma
_xAtatürk Dönemi
_zTürkiye
740 _aİktisadi kalkınmada etkinlik sorunu ve eklektik model
942 _2ddc
_cBKS